Psicología industrial (Registro nro. 3056)
[ vista simple ]
| 000 -LEADER | |
|---|---|
| fixed length control field | 01384 a2200217 4500 |
| 001 - CONTROL NUMBER | |
| control field | 39491 |
| 005 - DATE AND TIME OF LATEST TRANSACTION | |
| control field | 20260407155653.0 |
| 008 - FIXED-LENGTH DATA ELEMENTS--GENERAL INFORMATION | |
| fixed length control field | 260407a1955 arg spa d |
| 003 - CONTROL NUMBER IDENTIFIER | |
| control field | AR-UNSa-BCEJYS |
| 040 ## - CATALOGING SOURCE | |
| Original cataloging agency | AR-UNSa-BCEJYS |
| Language of cataloging | spa |
| Transcribing agency | AR-UNSa-BCEJYS |
| 080 ## - UNIVERSAL DECIMAL CLASSIFICATION NUMBER | |
| Universal Decimal Classification number | 658.013 |
| Common auxiliary subdivision | Cuestiones psicológicas (Psicología de la organización) |
| 100 1# - MAIN ENTRY--PERSONAL NAME | |
| Personal name | Maier, Norman R.F. |
| 245 10 - TITLE STATEMENT | |
| Title | Psicología industrial |
| 250 ## - EDITION STATEMENT | |
| Edition statement | 6a. ed |
| 264 #1 - PRODUCTION, PUBLICATION, DISTRIBUTION, MANUFACTURE, AND COPYRIGHT NOTICE | |
| Date of production, publication, distribution, manufacture, or copyright notice | 1955 |
| 300 ## - PHYSICAL DESCRIPTION | |
| Extent | 634 p. |
| Dimensions | 23 cm. |
| 505 ## - FORMATTED CONTENTS NOTE | |
| Formatted contents note | 1. El puesto de la psicología en la industria - 2.La casualidad en la conducta - 3. La psicología de las actitudes - 4. La frustración como factor de la conducta - 4. La frustración como factor de la conducta - 5. La moral - 6. La dirección de supervisión - 7. Diferencias individuales - 8. Medida del rendimiento - 9. El uso de los tests psicológicos de la industria - 10. La naturaleza general de los Tests psicológicos - 11. Análisis de tiempos y movimientos - 12. La formación de la industria - 13. Principios básicos en la motivación - 14. Motivación y trabajo - 15. Fatiga - 16. Fatiga psicológica y fenómenos que se relacionan con ella - 17. La seguridad - 18. El ambiente de trabajo - 19. Factores psicológicos en la rotación del personal - 20. El consejo y la entrevista - |
| 590 ## - LOCAL NOTE (RLIN) | |
| Local note | niveau_biblio:m niveau_hierar:0 |
| 700 1# - ADDED ENTRY--PERSONAL NAME | |
| Personal name | Ontiveros, Fernando |
| 942 ## - ADDED ENTRY ELEMENTS (KOHA) | |
| Koha item type | |
| Withdrawn status | Lost status | Damaged status | Not for loan | Home library | Current library | Shelving location | Date acquired | Total checkouts | Full call number | Barcode | Date last seen | Price effective from | Koha item type |
|---|---|---|---|---|---|---|---|---|---|---|---|---|---|
| Biblioteca Prof. Eusebio Cleto del Rey | Biblioteca Prof. Eusebio Cleto del Rey | 07/04/2026 | 658.013 M217 6ed. | L87184 | 07/04/2026 | 07/04/2026 | Libro | ||||||
| Biblioteca Prof. Eusebio Cleto del Rey | Biblioteca Prof. Eusebio Cleto del Rey | 07/04/2026 | 658.013 M217 6ed. | L22382 | 07/04/2026 | 07/04/2026 | Libro |